[Event "Caplin British Online-ch Open 2020"]
[Site "Online"]
[Date "2020.12.29"]
[Round "6.10"]
[White "Stubbs, Oliver"]
[Black "Villiers, Thomas"]
[Result "0-1"]
[WhiteElo "1905"]
[BlackElo "2161"]
[Annotator "TA"]
[PlyCount "62"]
[EventDate "2020.12.21"]
[EventType "swiss"]
[EventCountry "NET"]
[SourceTitle "playchess.com"]
[Source "ChessBase"]
[SourceQuality "1"]

{[%evp 9,62,81,88,87,79,83,104,74,75,78,79,72,81,65,43,48,42,37,36,-12,-3,-5,8,0,27,0,45,51,61,32,53,20,28,0,0,0,0,0,57,0,-1,-227,-223,-250,-103,-316,-222,-200,-181,-623,-661,-659,-680,-29997,-29998]} 1. d4 c5 2. d5 e5 3. e4 d6 4. Nc3 g6 5. Bb5+ Nd7 6. a4 {A44: Semi-Benoni.} Bg7 7. Nf3 Ne7 8. O-O {White is better.} a6 9. Be2 O-O 10. Nd2 f5 11. Nc4 Nf6 {[#]} 12. exf5 $146 ({Predecessor:} 12. f4 Nxe4 13. Nxe4 fxe4 14. fxe5 Rxf1+ 15. Bxf1 Nf5 16. e6 Bd4+ 17. Kh1 Qh4 18. g3 Nxg3+ {½-½ (28) Hummel,D (2266)-Herman,M playchess.com INT 2004}) 12... gxf5 13. f4 e4 14. Be3 b6 {With the idea ...Bb7.} 15. Bf2 $1 Bb7 {[%cal Rf6d5]} 16. Ne3 Qe8 17. Qd2 Rd8 18. Rab1 Qf7 19. Rfd1 a5 20. Bc4 Kh8 21. Ne2 Ng4 22. Nxg4 fxg4 23. Ng3 Ng6 ({Better is} 23... Qxf4 $11 24. Qxf4 Rxf4) 24. Nxe4 (24. Be3 $14) 24... Nxf4 $11 25. Bh4 $2 {[#]} (25. Be3 $11 {and White stays safe.}) 25... Qg6 $1 $19 {[%cal Rg6e4]} 26. Nc3 {[#]} Rde8 (26... Bh6 $1 $19 {has better winning chances. ...Nh3+! is the strong threat.} 27. Kh1 Qh5) 27. Bg3 $2 (27. Rf1 $17 Qh6 28. Kh1) 27... Bd4+ 28. Kh1 Be3 $36 {[%mdl 2048] White is under strong pressure.} 29. Bd3 $2 (29. Qe1) 29... Qh5 ({Weaker is} 29... Bxd2 30. Bxg6 hxg6 31. Rxd2 $11) 30. Qe1 {[#]} Nxg2 $1 {[%mdl 512]} 31. Kxg2 {[#]} (31. Qe2 Nf4) 31... Qxd5+ $1 {[%mdl 512] Weighted Error Value: White=0.73/Black=0.19} 0-1

[Event "Caplin British Online-ch Open 2020"]
[Site "Online"]
[Date "2020.12.29"]
[Round "6.11"]
[White "Idle, Oscar"]
[Black "Blackburn, Jonathan L B"]
[Result "0-1"]
[WhiteElo "1722"]
[BlackElo "2235"]
[Annotator "TA"]
[PlyCount "102"]
[EventDate "2020.12.21"]
[EventType "swiss"]
[EventCountry "NET"]
[SourceTitle "playchess.com"]
[Source "ChessBase"]
[SourceQuality "1"]

{[%evp 17,102,50,62,38,38,29,33,33,33,40,30,15,26,0,55,57,55,58,109,111,171,145,163,156,253,245,251,120,117,43,58,-57,0,-9,-9,-212,-190,-215,-218,-343,-336,-375,-376,-931,-588,-538,-386,-381,0,-228,-226,-221,-229,-239,-226,-194,-137,-140,-137,-150,-128,-112,-138,-152,-110,-323,-312,-368,-366,-811,-802,-582,-558,-1021,-567,-768,-595,-29979,-29980,-29988,-29989,-29993,-29994,-29996,-29985,-29986,-29987]} 1. d4 Nf6 2. Nf3 g6 3. c4 Bg7 4. g3 d6 5. Bg2 O-O 6. O-O Nc6 7. Nc3 a6 8. e4 {8.b3 is setting a new trend.} Bg4 9. Be3 Nd7 10. h3 {E63: King's Indian: Fianchetto: Panno Variation with 7...a6.} Bxf3 11. Bxf3 e5 {[%cal Re5d4]} 12. d5 {White is slightly better.} Nd4 13. Bg2 f5 14. f4 Qe7 15. Qd2 fxe4 {[#]} (15... b5 $11) 16. Bxd4 $146 ({Predecessor:} 16. Nxe4 Nf5 17. fxe5 Qxe5 18. Bf2 Nf6 19. Rae1 Nxe4 20. Rxe4 Qf6 21. b3 Bh6 22. Qc2 {½-½ (54) Stolba,M (2149)-Grill,R (2190) Czechia 2012}) 16... exd4 17. Nxe4 h6 (17... Nc5 $14) 18. Rae1 $16 Qf7 {[#]} (18... Qd8 $16) 19. Ng5 $1 $18 {[%cal Rg5f7][%mdl 512]} hxg5 20. fxg5 Be5 (20... Nf6 $16) 21. Rxf7 Rxf7 22. g4 (22. Rf1 $18) 22... Raf8 $16 23. Qc2 ({White should play} 23. Qd3 $16 Kg7 24. b4) 23... Kg7 $14 24. Rf1 (24. Re2 $14) 24... Rxf1+ (24... Bf4 $5 {[%cal Rf4e3]} 25. Re1 Ne5 $15) 25. Bxf1 Bf4 26. Bg2 $2 (26. Kg2 $11 {and White stays safe.}) 26... Be3+ $19 27. Kh1 Ne5 28. c5 {[#]} (28. Qb3 $142 d3 29. c5 (29. Qxb7 $2 d2 $19)) 28... d3 $1 {[%cal Rd3c2]} 29. Qb3 {intending cxd6.} Bxc5 30. Qc3 $2 (30. Be4 Rf1+ 31. Kh2) 30... Rf2 31. Be4 Rc2 32. Qb3 Rf2 $2 (32... Rc1+ $19 33. Kh2 b5 34. Bxd3 Nf3+ 35. Kg3 Nd2) 33. Qxb7 $2 ({Avoid the trap} 33. Bxd3 $2 Nf3 $19) (33. Qc3 $1 $11 {and White is okay.} d2 34. Bc2) 33... Bb6 {( -> ...d2)} 34. Qc8 d2 {[%cal Rd2d1]} 35. Bc2 Rf1+ 36. Kh2 Rg1 (36... Rc1 $19 37. Bb3 d1=Q 38. Bxd1 Rxd1) 37. h4 $17 d1=Q ({Reject} 37... Nxg4+ $6 38. Kh3 $11) 38. Bxd1 Rxd1 39. Qe6 Rf1 40. h5 Rf4 41. h6+ $2 (41. b4 $17) 41... Kh7 $19 42. Qe7+ Rf7 43. Qe6 (43. Qe8) 43... Nf3+ 44. Kh1 Nxg5 45. Qe8 a5 46. a4 Rf2 {And now ...Bc5 would win.} 47. Qe7+ Kxh6 {Black mates.} 48. Qe8 Nf3 {[%csl Gf3][%cal Rf2h2]} 49. Qf8+ Kg5 {[%csl Gf3][%cal Rf2h2]} 50. Qe7+ Kxg4 {[%csl Gf3][%cal Rf2h2]} 51. Qe4+ Kh5 {[%csl Gf3][%cal Rf2h2] Weighted Error Value: White=0.79/Black=0.48} 0-1

[Event "Caplin British Online-ch Open 2020"]
[Site "Online"]
[Date "2020.12.29"]
[Round "6.12"]
[White "Balaji, Aaravamudhan"]
[Black "Arora, Tashika"]
[Result "1-0"]
[WhiteElo "2206"]
[BlackElo "1744"]
[Annotator "TA"]
[PlyCount "67"]
[EventDate "2020.12.21"]
[EventType "swiss"]
[EventCountry "NET"]
[SourceTitle "playchess.com"]
[Source "ChessBase"]
[SourceQuality "1"]

{[%evp 20,66,27,34,46,0,44,43,67,56,75,54,47,48,56,37,40,39,64,61,88,78,73,73,179,176,269,259,256,255,239,225,326,340,339,169,204,215,204,99,215,207,29984,29985,29992,29993,29998,29999,29999]} 1. d4 Nf6 2. c4 g6 3. Nc3 d5 4. cxd5 Nxd5 5. e4 Nxc3 6. bxc3 Bg7 7. Be3 c5 8. Rc1 Qa5 9. Qd2 O-O 10. Nf3 Bg4 11. d5 Nd7 {D85: Exchange Grünfeld: Unusual White 7th moves and lines with 7 Nf3.} 12. Be2 (12. c4 $5 {[%cal Rd2a5]} Qa3 13. Be2 $11) 12... Rfd8 13. c4 Qa3 {White is slightly better.} 14. O-O {[#]} b6 $146 ({Predecessor:} 14... Bxf3 15. Bxf3 Ne5 16. Be2 Nc6 17. Bd3 b6 18. f4 e6 19. Kh1 Nb4 20. Bb1 exd5 21. cxd5 {½-½ (55) Haug,J (2292)-Getz,N (2441) Norway 2016}) 15. h3 Bxf3 16. Bxf3 Ne5 {[%cal Bd7e5,Be5c6,Bc6b4][%mdl 32]} 17. Be2 Nc6 18. Bd3 Nb4 19. Bb1 Bb2 20. Rcd1 Bc3 21. Qe2 Bb2 (21... Qb2 $16 22. Qxb2 Bxb2) 22. e5 $1 $18 Rac8 (22... Bxe5 $142 23. Bxc5 {[%mdl 64] Discovered Attack} Bd6) 23. Bg5 Re8 24. e6 f6 25. Bh6 Kh8 (25... f5 $142 26. Bg5 Qc3) 26. Rfe1 Bd4 27. Qg4 (27. d6 $142) 27... Rg8 {[#]} 28. d6 $1 Nc6 29. dxe7 (29. Qe4 $18 {aiming for d7.} Qa4 30. d7) 29... f5 {[#]} (29... Qb4 $16) 30. Qh4 $1 Bg7 (30... Qc3 $18 31. Bc2 Qxc4) 31. Bxg7+ {[%mdl 64] Overworked Piece. White mates.} Rxg7 32. Rd8+ Nxd8 33. e8=Q+ Rg8 34. Qf6# {Weighted Error Value: White=0.15/Black=0.59} 1-0

[Event "Caplin British Online-ch Open 2020"]
[Site "Online"]
[Date "2020.12.29"]
[Round "6.13"]
[White "Goss, Alex"]
[Black "Gordon, Sean"]
[Result "1/2-1/2"]
[WhiteElo "1833"]
[BlackElo "2039"]
[Annotator "TA"]
[PlyCount "156"]
[EventDate "2020.12.21"]
[EventType "swiss"]
[EventCountry "NET"]
[SourceTitle "playchess.com"]
[Source "ChessBase"]
[SourceQuality "1"]

{[%evp 16,156,0,8,23,0,2,0,94,0,0,0,0,0,243,-35,35,15,41,0,15,0,0,-1,-11,-39,-28,-27,0,0,0,-22,-20,-33,-27,-22,-19,-18,-14,-21,-22,-43,-34,-81,-31,-28,-43,-33,-31,-26,-34,-70,-66,-236,-70,-144,-127,-513,-500,-531,-541,-529,-540,-535,-538,-504,-527,-501,-484,-535,-533,-525,-529,-572,-566,-582,-582,-554,-11,-618,-531,-577,-564,-531,-525,-648,-637,-512,-359,-670,-646,-651,-627,-611,-453,-694,-562,-457,-443,-531,-519,-700,-712,-699,-692,-1511,-1169,-1547,-840,-1078,-1039,-700,-365,-345,-59,-62,-70,-572,-355,-484,-1,-380,0,0,8,0,0,0,20,20,29976,29978,29976,29977,29977,29973,29976,0,29977,0,29974,0,29969]} 1. e4 c6 2. d4 d5 3. Nc3 dxe4 4. Nxe4 Bf5 5. Ng3 Bg6 6. h4 h6 7. Nf3 Nd7 8. Bd3 Bxd3 9. Qxd3 e6 $1 {9...e6 scores better than 9...Ngf6. B19: Classical Caro-Kann: 4...Bf5 main line.} 10. c4 Ngf6 11. Bd2 {[#]} c5 $146 (11... Bd6 $11) ({Predecessor:} 11... Be7 12. b4 O-O 13. O-O Qc7 14. Rfe1 Rfe8 15. Qc2 Rad8 16. a4 a6 17. Rab1 Bd6 18. Ne4 Bf4 19. Bxf4 Qxf4 {0-1 (51) Kuzmin,G (2479)-Kornev,A (2567) Sochi 2007}) 12. Bc3 ({White should play} 12. d5 $16) 12... cxd4 $11 13. Nxd4 Bc5 14. O-O-O Qb6 $2 {[#]} (14... O-O $11 {and Black has nothing to worry.}) 15. Rhe1 $2 (15. Nxe6 $1 $18 {[%mdl 512]} Be3+ 16. fxe3 (16. Qxe3 Qxe3+ 17. fxe3 fxe6 $16) 16... Qxe6 17. Nf5) 15... O-O-O (15... O-O $15) 16. Qe2 Rhe8 17. Rf1 Kb8 18. Nb3 Bb4 19. Bd4 Qa6 20. a3 Be7 (20... Qa4 {is more complex.} 21. Qc2 Be7 22. Kb1 Rc8 23. Rc1 Red8) 21. Kb1 Rc8 22. Rc1 Nb6 {[%cal Rc8c4]} 23. Be5+ Ka8 {[%cal Rb6c4]} 24. c5 Qxe2 25. Nxe2 Nbd7 26. Bd4 e5 27. Be3 Ng4 28. c6 bxc6 29. g3 Nxe3 (29... f5 {looks sharper.} 30. Bd2 c5 31. f3 Ngf6 32. Rc2 Bd6) 30. fxe3 f6 31. Rfd1 Nb6 32. Na5 c5 {[%cal Bc6c5,Bc5c4][%mdl 32]} 33. Nc4 Red8 34. Na5 (34. Rxd8 $15 Rxd8 35. g4) 34... h5 $2 (34... Rxd1 $1 $19 35. Rxd1 c4) 35. Nc3 ({Better is} 35. Rxd8 $15 Bxd8 36. b3) 35... c4 36. Nb5 $2 {[%mdl 8192]} (36. Rxd8 $17 {is a better chance.} Bxd8 37. Ne4) 36... Rxd1 $19 37. Rxd1 Rc5 38. a4 a6 (38... Nxa4 $2 39. Rd5 $19) 39. b4 Rc8 (39... axb5 40. bxc5 Nxa4 41. c6 $14) 40. Nd6 Rd8 41. Nab7 Rd7 42. Kc2 Rxb7 43. Nxb7 Kxb7 44. a5 Nc8 45. Kc3 Nd6 46. Rd5 Nf5 $2 ({Black should try} 46... Kc6 $19 47. Rc5+ Kd7) 47. e4 {[%mdl 8192]} (47. Rd7+ $11 Kc8 48. Ra7) 47... Nd6 48. Kc2 Kc6 49. Rc5+ Kd7 $1 50. Rd5 Ke6 51. Rc5 {intending Rc6.} Nxe4 {[%mdl 64] Discovered Attack} 52. Rxc4 (52. Rc6+ Kd5 53. Rxa6 Bxb4 54. Ra8) 52... Kd5 53. Rc7 Bxb4 54. Rxg7 Bxa5 55. Kd3 (55. g4 $142 hxg4 56. Rxg4) 55... Nc5+ 56. Ke3 Be1 57. Ke2 Bb4 58. Rh7 a5 59. Rxh5 a4 60. Rh8 a3 {And now ...Ba5 would win.} 61. Ra8 Ne4 62. Kf3 Nc3 63. h5 a2 {Hoping for ...e4+.} 64. h6 {[#] Strongly threatening h7.} Bf8 $1 {[%mdl 512]} 65. h7 $15 Bg7 66. Ra7 $2 {[%mdl 8192]} ({White must play} 66. Kg4 $1 $15) 66... Bh8 67. Ra8 {[#]} e4+ $2 (67... f5 $1 $19 68. g4 e4+ 69. Kg2 e3 $1 70. Rxh8 a1=Q 71. Rd8+ Ke4 72. Re8+ (72. h8=Q $2 Qa2+ 73. Kh1 Ne2 $19) 72... Kf4) 68. Kf4 $2 {[%mdl 8192] [#]} (68. Kg2 $1 $11 {and White stays safe.}) 68... f5 $2 69. Rxh8 $11 {[%mdl 4096] Endgame KR-KN} Ne2+ 70. Ke3 {White threatens Rd8+ and mate.} (70. Kxf5 {with more complications.} Nxg3+ 71. Kg4 a1=Q 72. Rd8+ Kc4 73. h8=Q) 70... a1=Q 71. Rd8+ Kc4 72. h8=Q Qa3+ $2 {[%mdl 8192]} (72... Qxh8 $11 73. Rxh8 Nxg3) 73. Kxe2 Qf3+ 74. Ke1 Qxg3+ 75. Ke2 Qf3+ 76. Ke1 Qg3+ $1 77. Ke2 Qf3+ 78. Ke1 Qg3+ $1 {[%mdl 32768] Weighted Error Value: White=0.70/Black=0.49. An unexpected result.} 1/2-1/2

[Event "Caplin British Online-ch Open 2020"]
[Site "Online"]
[Date "2020.12.29"]
[Round "6.14"]
[White "Finn, Chris"]
[Black "Varney, Zoe"]
[Result "0-1"]
[WhiteElo "1943"]
[BlackElo "1917"]
[Annotator "TA"]
[PlyCount "58"]
[EventDate "2020.12.21"]
[EventType "swiss"]
[EventCountry "NET"]
[SourceTitle "playchess.com"]
[Source "ChessBase"]
[SourceQuality "1"]

{[%evp 23,58,16,30,46,51,48,53,25,26,14,56,0,0,1,11,0,51,0,0,0,73,72,60,0,0,0,0,0,0,0,0,-10,0,-140,-123,-29991,-29992]} 1. d4 d5 2. Nf3 Nf6 3. Bg5 e6 4. e3 Be7 5. Nbd2 Nbd7 6. Bd3 c5 7. c3 b6 8. O-O Bb7 9. Ne5 Nxe5 10. dxe5 Nd7 11. Bxe7 Qxe7 12. f4 O-O-O 13. Nf3 {D03: 1 d4 d5 2 Nf3 Nf6 3 Bg5, including Torre Attack with early ...d5.} f6 14. Bb5 {[#]} h6 $146 ({Predecessor:} 14... fxe5 15. Bxd7+ Qxd7 16. Nxe5 Qc7 17. b4 Rd6 18. a4 a5 19. bxa5 bxa5 20. Rb1 Kb8 {0-1 (79) Dzagnidze,N (2545)-Lagno,K (2548) Geneve 2013}) 15. Qa4 {White is slightly better.} Kb8 16. b4 Rhg8 17. Bxd7 (17. Rab1 $14) 17... Rxd7 $11 18. bxc5 bxc5 19. Rab1 Rc7 (19... Ka8 $11) 20. Rb2 (20. Rb5 $1 $14) 20... Ka8 21. Rfb1 g5 (21... fxe5 $11 {remains equal.} 22. Nxe5 g5) 22. exf6 $16 Qxf6 {[#]} 23. Ne5 ({Better is} 23. Rxb7 $1 $14 Rxb7 24. Rxb7 Kxb7 25. Qb5+ (25. Ne5 Rc8 $11) 25... Ka8 26. Qc6+ Kb8 27. Ne5) 23... Qg7 $11 24. g3 gxf4 25. exf4 h5 26. Kf2 h4 27. g4 Rf8 {White must now prevent ...Qxe5.} 28. Ke3 {[#]} (28. Kg1 $11) 28... Qh7 $1 $17 {aiming for ...d4+!} 29. Qd4 $2 {[%mdl 8192]} cxd4+ {Weighted Error Value: White=0.56/Black=0.16} 0-1

[Event "Caplin British Online-ch Open 2020"]
[Site "Online"]
[Date "2020.12.29"]
[Round "6.15"]
[White "Gurner, Jem"]
[Black "Shafi, Declan"]
[Result "1-0"]
[WhiteElo "1800"]
[BlackElo "2166"]
[Annotator "TA"]
[PlyCount "97"]
[EventDate "2020.12.21"]
[EventType "swiss"]
[EventCountry "NET"]
[SourceTitle "playchess.com"]
[Source "ChessBase"]
[SourceQuality "1"]

{[%evp 15,97,7,72,72,68,20,74,10,12,20,18,21,20,0,0,0,0,0,10,0,29,0,62,12,12,12,12,12,16,11,12,12,13,0,0,0,49,38,168,170,167,39,43,-12,0,-7,-25,0,0,-67,-56,-80,0,0,51,39,59,62,130,122,89,87,185,169,301,222,522,515,462,408,372,-90,870,415,1039,637,615,563,714,623,646,611,29998,29999]} 1. d4 Nf6 2. c4 e6 3. Nf3 b6 4. g3 Bb7 5. Bg2 Bb4+ 6. Bd2 Be7 7. O-O O-O 8. Nc3 c5 (8... c6 $11 {keeps the balance.}) 9. d5 $1 $16 {E16: Queen's Indian: 4 g3 Bb7 5 Bg2 Bb4+.} exd5 10. Ne1 {[#]} Na6 $146 (10... b5 $11) ({Predecessor:} 10... Ne4 11. Nxd5 Bxd5 12. cxd5 Nxd2 13. d6 Bg5 14. Bxa8 Nxf1 15. Kxf1 Qf6 {½-½ (15) Burmakin,V (2578)-Skembris,S (2422) Schwaebisch Gmuend 2015}) 11. Nxd5 (11. cxd5 $16 d6 12. e4) 11... Nxd5 $11 12. cxd5 {aiming for d6!} d6 13. e4 Nc7 14. Nc2 f5 15. Ne3 fxe4 16. Bxe4 {And now Qh5 would win.} Bf6 17. Qc2 (17. Qh5 g6 $17) 17... h6 18. Rad1 Qd7 (18... Nb5 $11) 19. Bf5 Qe7 20. Rfe1 Bd4 21. Bc3 Bxc3 22. bxc3 {[%cal Bb2c3,Bc3c4][%mdl 32]} Qf6 $1 23. f4 Rae8 24. Be4 Nb5 25. a4 Nc7 {[%cal Bb5c7,Bc7a6,Ba6b4][%mdl 32]} (25... Nxc3 $2 26. Ng4 $18) (25... Rxe4 $5 26. Qxe4 Nxc3 {[%mdl 64] Double Attack} 27. Qe6+ Qxe6 28. dxe6 Nxd1 29. Rxd1 Rd8 $11) 26. Ng4 Qf7 (26... Qd8 $1 $14) 27. c4 $1 $18 Bc8 28. Ne3 (28. Bh7+ $18 Kh8 29. Bg6 $1 Rxe1+ 30. Rxe1) 28... Qf6 29. Kg2 ({White should try} 29. Bh7+ $14 Kh8 30. Bg6) 29... Bd7 $11 30. Bf3 Na6 31. Ng4 Qf7 32. Qb3 ({Better is} 32. Nf2 $1 $11) 32... Nb4 33. Nf2 {[#]} Bf5 ({Black should play} 33... g5 $1 $17) 34. Be4 Qd7 (34... Qg6 $11 35. Bxf5 Qxf5) 35. Re3 Bxe4+ 36. Nxe4 Re7 (36... a6 $14) 37. Rde1 $16 Rfe8 38. R1e2 Kf8 (38... a6 $16) 39. Qd1 Qg4 (39... Kg8 {keeps fighting.} 40. Qe1 Kh8) 40. h3 Qg6 (40... Qd7 {was worth a try.} 41. g4 a6) 41. f5 $1 $18 {[%cal Rf5g6]} Qh5 {Hoping for ...Rxe4!} 42. g4 ({Weaker is} 42. Nxd6 Qxe2+ 43. Qxe2 (43. Rxe2 Rxe2+ 44. Kf1 Re1+ 45. Qxe1 Rxe1+ 46. Kxe1 Ke7 $16) 43... Rxe3 $18) 42... Qh4 43. Qf1 $2 {[#]} (43. Qd2 $18) 43... Kg8 $2 {[%mdl 8192]} (43... Nc2 $1 $17 44. Qf4 (44. Rxc2 Rxe4) 44... Nxe3+ 45. Rxe3 Re5) 44. Qf4 (44. f6 $142 Rf7 45. Nxd6 Rxe3 46. Rxe3 Qxf6 47. Nxf7 Qxf1+ 48. Kxf1 Kxf7 49. d6) 44... Rd7 (44... Kh8 $142 45. Qf3 (45. Nxd6 $2 Nd3 $17) (45. Qxd6 Nc2 $16) 45... Re5 46. Nxd6 Rxe3 47. Rxe3 Rf8) 45. Nxd6 Rxe3 46. Rxe3 {Threatens to win with Re8+.} Nc2 47. Re8+ Kh7 {[#]} 48. Qe4 {f6+ would kill now.} Rxd6 (48... Ne3+ 49. Qxe3) 49. f6+ {Weighted Error Value: White=0.59/Black=0.54} 1-0

[Event "Caplin British Online-ch Open 2020"]
[Site "Online"]
[Date "2020.12.29"]
[Round "6.16"]
[White "Oh, Julie"]
[Black "Shearsby, Jude"]
[Result "0-1"]
[WhiteElo "1168"]
[BlackElo "1673"]
[Annotator "NA RC"]
[PlyCount "60"]
[EventDate "2020.12.21"]
[EventType "swiss"]
[EventCountry "NET"]
[SourceTitle "playchess.com"]
[Source "ChessBase"]
[SourceQuality "1"]

1. e4 {[%emt 0:00:00]} Nc6 {[%emt 0:00:00]} 2. Nc3 {[%emt 0:00:00]} e6 {[%emt 0:00:00]} 3. d4 {[%emt 0:00:00]} Bb4 {[%emt 0:00:00]} 4. a3 {[%emt 0:00:00]} Bxc3+ {[%emt 0:00:00]} 5. bxc3 {[%emt 0:00:00]} d5 {[%emt 0:00:00]} 6. e5 {[%emt 0:00:00]} Nge7 {[%emt 0:00:00]} 7. f4 {[%emt 0:00:00]} O-O {[%emt 0:00:00]} 8. Nf3 {[%emt 0:00:00]} f6 {[%emt 0:00:00]} 9. exf6 {[%emt 0:03:52]} Rxf6 {[%emt 0:00:00]} 10. Bd3 {[%emt 0:01:58]} Ng6 {[%emt 0:00:00]} 11. O-O {[%emt 0:03:55]} Qd6 {[%emt 0:12:07]} 12. Qe1 {[%emt 0:17:40]} Nxf4 {[%emt 0:04:17]} 13. Bxh7+ {[%emt 0:03:00]} Kxh7 {[%emt 0:00:21]} 14. Qh4+ {[%emt 0:02:39]} Kg8 {[%emt 0:00:14]} 15. Bxf4 {[%emt 0:04:44]} Qxf4 {[%emt 0:00:05]} 16. Qh5 {[%emt 0:03:15]} g6 {[%emt 0:01:08]} 17. Qg4 {[%emt 0:00:02]} Qxg4 {[%emt 0:00:06]} 18. h3 {[%emt 0:03:21]} Qg3 {[%emt 0:00:15]} 19. Rad1 {[%emt 0:00:57]} b6 {[%emt 0:00:26]} 20. Rd3 {[%emt 0:00:52]} Ba6 {[%emt 0:00:09]} 21. Rdd1 {[%emt 0:01:23]} Bxf1 {[%emt 0:00:07]} 22. Rxf1 {[%emt 0:00:48]} Raf8 {[%emt 0:00:05]} 23. Kh1 {[%emt 0:01:02]} Rxf3 {[%emt 0:00:12]} 24. gxf3 {[%emt 0:00:41]} Qxh3+ {[%emt 0:00:04]} 25. Kg1 {[%emt 0:00:03]} Qg3+ {[%emt 0:00:01]} 26. Kh1 {[%emt 0:00:04]} Kg7 {[%emt 0:00:01]} 27. Rf2 {[%emt 0:00:59]} Qxf2 {[%emt 0:00:05]} 28. f4 {[%emt 0:00:11]} Ra8 {[%emt 0:00:05]} 29. a4 {[%emt 0:00:13]} a5 {[%emt 0:00:03]} 30. f5 {[%emt 0:00:10]} Rh8# {[%emt 0:00:06]} 0-1

[Event "Caplin British Online-ch Open 2020"]
[Site "Online"]
[Date "2020.12.30"]
[Round "7.1"]
[White "Fernandez, Daniel Howard"]
[Black "Adams, Michael"]
[Result "1/2-1/2"]
[WhiteElo "2466"]
[BlackElo "2716"]
[Annotator "TA"]
[PlyCount "58"]
[EventDate "2020.12.21"]
[EventType "swiss"]
[EventCountry "NET"]
[SourceTitle "playchess.com"]
[Source "ChessBase"]
[SourceQuality "1"]

{[%evp 9,58,-9,9,4,0,-2,0,0,-8,-14,-5,-33,-10,-16,-15,-16,-16,-15,-16,-15,-11,-13,-10,-7,0,-14,-14,-24,-12,-18,-11,-14,-26,-61,-64,-52,-60,-54,-53,-37,-36,-38,-36,-38,-38,-38,-37,-41,-8,-19,-9]} 1. d4 Nf6 2. Bf4 d5 3. e3 e6 4. Nd2 Bd6 5. Bg3 c5 6. Ngf3 {D00: 1 d4 d5: Unusual lines.} O-O 7. c3 Qc7 8. Bxd6 Qxd6 9. Ne5 Nfd7 10. Ndf3 Nc6 {[%cal Rd7e5]} 11. Nxc6 bxc6 {[%cal Bb7c6,Bc6c5,Bc5c4][%mdl 32]} 12. Bd3 {[#]} cxd4 $146 ({Predecessor:} 12... h6 13. O-O c4 14. Bc2 e5 15. dxe5 Nxe5 16. Nxe5 Qxe5 17. Qd4 Re8 18. Qxe5 Rxe5 19. b4 Bd7 {½-½ (42) Sulyok,S (2289)-Csernyiczky,L (2160) Hungary 2007}) 13. cxd4 c5 14. Qc2 h6 15. O-O c4 16. Be2 Ba6 17. Qc3 Rab8 18. Rab1 Rb6 19. Rfc1 Rfb8 20. Nd2 e5 21. dxe5 Qxe5 22. Qxe5 Nxe5 23. f4 Nc6 24. Bf3 Rxb2 25. Rxb2 Rxb2 26. Bxd5 Rxd2 27. Bxc6 Rxa2 28. Bd5 Ra5 29. Bxc4 Bxc4 {Weighted Error Value: White=0.05/Black=0.05} 1/2-1/2

[Event "Caplin British Online-ch Open 2020"]
[Site "Online"]
[Date "2020.12.30"]
[Round "7.2"]
[White "Turner, Matthew J"]
[Black "Ghasi, Ameet K"]
[Result "1/2-1/2"]
[WhiteElo "2509"]
[BlackElo "2485"]
[Annotator "TA"]
[PlyCount "98"]
[EventDate "2020.12.21"]
[EventType "swiss"]
[EventCountry "NET"]
[SourceTitle "playchess.com"]
[Source "ChessBase"]
[SourceQuality "1"]

{[%evp 17,98,11,35,0,9,0,16,33,14,12,54,14,14,20,27,16,7,0,0,-51,13,0,0,-51,-49,-43,-43,-46,-46,-104,-102,-101,-76,-115,-119,-119,-119,-117,-110,-113,-120,-115,-117,-117,-111,-237,-234,-219,-200,-307,-294,-268,-260,-221,-218,-343,-343,-343,-348,-345,-345,-343,-319,-319,-312,-329,-247,-315,-298,-280,-215,-154,-8,-8,-8,-39,0,-8,0,-39,0,-8,0]} 1. d4 g6 2. Nf3 d6 3. g3 Bg7 4. Bg2 Nf6 5. c4 O-O 6. O-O Nc6 7. Nc3 a6 8. Re1 {8.b3 is becoming the main line.} Rb8 9. Rb1 Na5 10. Qd3 {E63: King's Indian: Fianchetto: Panno Variation with 7...a6.} b5 11. cxb5 {[#]} Bf5 $146 ({Predecessor:} 11... axb5 12. b4 Nc4 13. d5 Ng4 14. Nd4 e6 15. e3 exd5 16. Nxd5 Nge5 17. Qe2 Bg4 {0-1 (56) Adly,A (2631)-Wang,H (2718) Ningbo 2011}) 12. e4 Nxe4 13. Nxe4 {And now Nh4 would win.} d5 {[#]} 14. Nh4 $1 dxe4 (14... Bxe4 15. Bxe4) 15. Bxe4 Bxe4 16. Qxe4 Rxb5 17. Qxe7 Qd5 18. Be3 (18. b3 $11) 18... Nc4 ({Better is} 18... Nc6 $15 19. Qxc7 Nxd4) 19. Ng2 Nxe3 20. Nxe3 (20. fxe3 $11 Qxa2 21. Qxc7) 20... Qxa2 $15 21. d5 Bd4 22. Rbd1 Qxb2 23. Qxc7 {[#]} ({White should try} 23. h4 $15) 23... Rxd5 $3 $17 {[%mdl 512]} 24. Qc2 {Qxb2 is the strong threat.} (24. Nxd5 $2 {leads to mate.} Qxf2+ 25. Kh1 Qf3#) 24... Rc5 25. Qa4 Bxe3 26. Rxe3 Rf5 27. Rf1 a5 {[%cal Ba6a5,Ba5b4][%mdl 32]} 28. g4 Re5 29. Rfe1 Rxe3 30. Rxe3 Qb4 31. Qxb4 (31. Re4 $17 Qd2 32. h4) 31... axb4 {[%mdl 4096] Endgame KR-KR} 32. Rb3 Rb8 33. f4 (33. Kg2 $142) 33... Kf8 $19 34. Kf2 Ke7 35. Ke3 Kd6 36. Kd4 (36. Kd2 $142) 36... Kc6 37. Kc4 Re8 38. Rf3 {[#]} Re4+ $1 39. Kb3 Kb5 40. g5 Kc5 41. f5 Rh4 42. h3 Rc4 {aiming for ...Rc3+.} 43. f6 Re4 44. Rd3 Rf4 (44... h6 $17 45. gxh6 Rh4) 45. Rd7 $1 $11 Rf3+ 46. Kb2 Rf2+ (46... h6 $5 47. gxh6 Rxh3 $11) 47. Kb3 Rf3+ 48. Kb2 Rf2+ (48... h6 $5 49. gxh6 Rxh3 $11) 49. Kb3 Rf3+ {Black had all chances to win.  Weighted Error Value: White=0.24/Black=0.15} 1/2-1/2